000 00971cad a22002415a 4500
001 E151198
008 101007s2008 xxk f 100 0 eng d
020 _a9781842194348
035 _a(Sirsi) u151198
041 0 _aeng
100 1 _aKaluarachchi, Yamuna
111 2 _aConstruction and Building Research Conference
_cDublin Institute of Technology, Dublin
_d4-5 September 2008
245 0 0 _aAccelerating innovation in the social housing sector in UK
_h[electronic resource]
260 _aLondon
_bRICS
_c2008
520 _aA paper presented at the COBRA Conference 2008 in Dublin.
590 _aKA
650 2 4 _aCONSTRUCTION AND BUILDING RESEARCH CONFERENCE (COBRA)
651 4 _aUnited Kingdom
_y
690 _aPROPERTY-RESIDENTIAL PROPERTY-DOMESTIC RESIDENTIAL PROPERTY-HOUSING
700 1 _aJones, Keith
856 4 0 _uhttps://www.rics.org/site/download_feed.aspx?fileID=3190&fileExtension=PDF
_zView the item free of charge at www.rics.org...
942 _n0
999 _c111221
_d111221